Geometry Dash - 500 Most Liked Demons - Statistics

General Stats
  • This quiz has been taken 39 times
  • The average score is 105 of 500
Answer Stats
Uploader Level Name DIfficulty % Correct
motleyorc B Medium
100%
Riot Bloodbath Extreme
100%
Zobros Nine Circles Hard
93%
Jax The Nightmare Easy
93%
Ggb0y Cataclysm Extreme
89%
timeless real THE LIGHTNING ROAD Easy
89%
TriAxis X Easy
89%
Knobbelboy Bloodlust Extreme
86%
lSunix Sonic Wave Extreme
86%
Caustic Death Moon Easy
82%
IcEDCave Slaughterhouse Extreme
82%
Havok SlaughterHouse Easy
82%
ZenthicAlpha Supersonic Insane
82%
Akame GD The Death Moon Easy
82%
Rek3dge Decode Easy
79%
Jerry4 Platinum Adventure Easy
79%
ZenthicAlpha Jawbreaker Hard
75%
ViPriN Jawbreaker Hard
75%
Dhafin Problematic Easy
75%
ZenthicAlpha Speed Racer Easy
75%
Manix648 The Yatagarasu Hard
75%
IIINePtunEIII Xstep v2 Easy
75%
TrusTa Yatagarasu Extreme
75%
Grenate iS Easy
71%
Voxicat iSpyWithMyLittleEye Easy
71%
DavJT CraZy Hard
68%
mkComic Fairydust Hard
68%
JonathanGD Future Funk Hard
68%
KrmaL Phobos Extreme
68%
alkali The Fairydust Easy
68%
ViPriN Artificial Ascent Extreme
64%
DavJT CraZy II Insane
64%
DavJT CraZy III Insane
64%
ViPriN HyperSonic Extreme
64%
TrueNature Laser Room Easy
64%
im fernando Nantendo Medium
64%
ChaSe Sidestep Easy
64%
TheRealDarnoc yStep Easy
64%
Ryamu Acheron Extreme
61%
M2coL demon park Easy
61%
haoN Extinction Easy
61%
TrusTa Sakupen Hell Extreme
61%
Andromeda GMD The Ultimate Phase Extreme
61%
TriAxis Dear Nostalgists Easy
57%
Michigun Forest Temple Hard
57%
Serponge HeLL Medium
57%
KrmaL hi Insane
57%
Michigun Lava Temple Medium
57%
MindCap LIMBO Extreme
57%
TheShadowRealm PanaSonic Extreme
57%
APTeamOfficial Sonic Wave Infinity Extreme
57%
ItzDolphy Tartarus Extreme
57%
BoBoBoBoBoBoBo The Golden Extreme
57%
iIiRulasiIi Ultra Paracosm Easy
57%
KrmaL xo Extreme
57%
Zyzyx Z Medium
57%
Zobros Acropolis Insane
54%
IIExenityII aftermath Extreme
54%
bli Change of Scene Easy
54%
MasK463 Crescendo Easy
54%
JonathanGD Dark Odyssey Extreme
54%
JonathanGD Dark Travel Insane
54%
RealOggY demon mixed Easy
54%
ViPriN Digital Descent Extreme
54%
KrmaL Falling Up Extreme
54%
Michigun Fire Temple Hard
54%
JonathanGD Future Funk II Insane
54%
IIINePtunEIII Hexagon Force v2 Medium
54%
noobas Theory of SkriLLex Medium
54%
Xender Game Ultra Violence Medium
54%
Michigun Water Temple Hard
54%
WOOGI1411 Windy Landscape Insane
54%
Zobros 8o Insane
50%
Rob Buck Buck Force Easy
50%
IIINePtunEIII Clubstep v2 Medium
50%
IIINePtunEIII Electrodynamix v2 Medium
50%
Tongii Mechanical Showdown Medium
50%
Andromeda GMD Poltergeist Insane
50%
LaZye Poltergeist Easy
50%
FunnyGame -sirius- Medium
50%
ViPriN SubSonic Extreme
50%
IIINePtunEIII Theory of every v2 Easy
50%
KrmaL Black Blizzard Extreme
46%
Manix648 Blade of Justice Extreme
46%
IIINePtunEIII Clutterfunk v2 Easy
46%
Nacho21 Duelo Maestro Insane
46%
FunnyGame Lonely Travel Medium
46%
IIINePtunEIII Necropolis Insane
46%
TheRealSailent Silent clubstep Extreme
46%
JonathanGD The Lost Existence Extreme
46%
ZenthicAlpha UltraSonic Insane
46%
Michigun Desert Temple Hard
43%
DORABAE dorabaedifficult4 Easy
43%
TrickGMD Firework Extreme
43%
startor infinite circles Easy
43%
Lyod Lights and Thunder Easy
43%
Riot Red World Rebirth Extreme
43%
TheDiamondPizza Sakupen Circles Extreme
43%
Michigun Shadow Temple Hard
43%
Dorami The Yandere Extreme
43%
Serponge VeritY Medium
43%
neigefeu Acu Extreme
39%
LaZye Blue Hell Easy
39%
JonathanGD BuTiTi II Insane
39%
Iid4sh3riI Deadlocked v2 Medium
39%
BoldStep Erebus Extreme
39%
KrmaL Heartbeat Extreme
39%
MrCheeseTigrr Impulse Easy
39%
ScorchVX Magma Bound Insane
39%
Experience D moon adventure Easy
39%
BIANOX Zodiac Extreme
39%
Souls TRK AcropoliX Extreme
36%
Knobbelboy Astral Divinity Extreme
36%
JonathanGD BuTiTi III Extreme
36%
KrmaL Conical Depression Extreme
36%
- demon jumper Easy
36%
BlueLite FingerDash v2 Easy
36%
Terron Reanimation Medium
36%
Jax Super Cycles Easy
36%
NeoSweet ABCDEFGHIJKLMNOPQRS Easy
32%
Exen Abyss of Darkness Extreme
32%
IIExenityII Athanatos Extreme
32%
Zyzyx Bloodbath Z Medium
32%
Rek3dge DeCodeX Hard
32%
IIINePtunEIII Electroman Adven v2 Easy
32%
Glittershroom Insomnia Easy
32%
npesta Kenos Extreme
32%
KrmaL Lit Fuse Insane
32%
Nacho21 Retro Circles Easy
32%
Nox Stalemate Insane
32%
Michigun Trip Insane
32%
BEkID1442 DarnoCant let go Medium
29%
Noriega Deadlocked v3 Insane
29%
DORABAE dorabaedifficult2 Medium
29%
Spectruh Down Bass Extreme
29%
BGames FingerDash v3 Insane
29%
cherryteam KOCMOC Extreme
29%
Serponge MasterGame Medium
29%
TamaN Motion Easy
29%
Riot Quantum Processing Extreme
29%
AeonAir time pressure Easy
29%
Manix648 TOE III Hard
29%
SUOMI Ultimate Circles Easy
29%
Zobros Ultimate Demon Mix Insane
29%
Schady Vibration Easy
29%
Xender Game White Space Easy
29%
nikroplays Allegiance Extreme
25%
- Beautiful Chaos Medium
25%
JonathanGD Biru Medium
25%
Sumsar Chaoz Airflow Medium
25%
TheRealDarnoc Chaoz Impact Easy
25%
TheSuperbot Flappy Weird Easy
25%
Zobros Forsaken Neon Hard
25%
MrPPs FREEDOM Easy
25%
JamAttack Glorious Fortress Easy
25%
- ICE Carbon Diablo X Extreme
25%
- Invisible Clubstep Easy
25%
BoldStep Killbot Extreme
25%
N1XO Paracosm Circles Easy
25%
pg1004 pg clubstep Hard
25%
cerufiffy Phjork Easy
25%
ViPriN Radioactive Hard
25%
TheRealSalad Speed of Light Easy
25%
PotatoBaby Stereo Easy
25%
IIINePtunEIII ToE II v2 Hard
25%
Ferdefunky Traction Easy
25%
Rlol Trump Circles Easy
25%
TeamN2 A Bizarre Phantasm Extreme
21%
bli Absolute Garbage Easy
21%
f3lixsram Buried Angel Easy
21%
IIINePtunEIII DeathFunk Medium
21%
CrisPy Dash Fear Me Medium
21%
Glittershroom Figures Medium
21%
TheRealDarnoc Hextec Flow Easy
21%
KrmaL Invisible Deadlocked Insane
21%
EternaswipVMAX Megalovania Medium
21%
Oddmod MikuMikuMikuMiku Insane
21%
MrCheeseTigrr Radioactive Demon Easy
21%
SpKale Shiver Easy
21%
f3lixsram Adust Easy
18%
Minesap Astronaut 13 Hard
18%
weoweoteo Betrayal of Fate Extreme
18%
Findexi Carnage Mode Extreme
18%
RedUniverse Crimson Clutter Insane
18%
AbstractDark Darkness Keeper Hard
18%
Jeyzor Ditched Machine Hard
18%
SuprianGD Dream Travel Insane
18%
KrmaL Elite Z Rebirth Extreme
18%
DHaner Hold On Easy
18%
NiTro451 Impact X Easy
18%
Jeyzor Kappa Boss Fight Insane
18%
EnZore Leyak Insane
18%
Zobros love baba Insane
18%
Dudex Mirror Force Easy
18%
Darwin Nowise Hard
18%
AmorAltra PP Easy
18%
Nico99 Shrill Hallway Medium
18%
JacobROso The Behemoth Medium
18%
Xender Game The Eschaton Hard
18%
TeamN2 The Hell Factory Extreme
18%
IIINePtunEIII Way of the Darkness Medium
18%
Rabb2t Windings Medium
18%
Pauze Andromeda Easy
14%
Lingo Butterfly Effect Easy
14%
Jeyzor Castle Easy
14%
Serponge CastleMania Medium
14%
TheRealDarnoc ClubDrop Easy
14%
Lyod ClutterStep Easy
14%
FunnyGame Crazy Bolt Easy
14%
Hinds Dance Massacre Hard
14%
TheRealDarnoc DarnocDynamix Easy
14%
ThisIsPailyn ddays Easy
14%
IIINePtunEIII Deadly ClubStep Hard
14%
FunnyGame DeathStep Hard
14%
Xender Game Dream Flower Easy
14%
Rabbitical Extreme Fantasy Easy
14%
Minesap ForceDynamix Medium
14%
Pennutoh Freedom08 Extreme
14%
ViPriN Golden Haze Medium
14%
AZuLer4 Hatred Extreme
14%
Alkatraz Hypnotic Travel Hard
14%
Danke Im Dead Easy
14%
Nacho21 Larga Espera Hard
14%
Zobros Luminum Hard
14%
FunnyGame Mountain King Medium
14%
ViPriN Nine CircleX Insane
14%
Quiken Pumped Up Kicks Extreme
14%
KrmaL Rearmed Insane
14%
Rabbitical Ripplez Adventures Medium
14%
TheRealDarnoc Sky Realm Easy
14%
Danzmen Slap Squad Easy
14%
Danzmen Slap Squad II Easy
14%
LazerBlitz Spacelocked Hard
14%
PotatoBaby Spark Easy
14%
MasK463 StarQuake Easy
14%
TheRealDarnoc Steam Chamber Easy
14%
talia Tabasco Easy
14%
Dorami Theory of FirePower Hard
14%
Xaro Toxin Lab II Easy
14%
LazerBlitz Ultra Drivers Hard
14%
Booglee What is it Easy
14%
Danzmen Wild West Easy
14%
Coke XYZ Step Easy
14%
Rustam Zafari Easy
14%
- 12 Clutterfunk Easy
11%
motleyorc ABATE Easy
11%
BEkID1442 absolute zero Easy
11%
nasgubb Airtime Easy
11%
Jirk Blast Process Easy
11%
tunar98 cyber paradise Easy
11%
Serponge Depressure Hard
11%
PunkySoul Dimension Machine Easy
11%
bli Fall Apart Easy
11%
Pollapo Five nights Pollapo Easy
11%
artimiel Fractured Circles Medium
11%
Jayuff Fun Easy
11%
SimilarAMZ Game Time Insane
11%
GD Jose Gear III Medium
11%
FunnyGame Genesis Easy
11%
- Green Demon Easy
11%
RealHaHaHa Hahaha Insane Map Easy
11%
Mylon Horizon Easy
11%
Lemons HyperFlux Easy
11%
Experience D Ice of Dawn Easy
11%
Zafkiel7 Idols Extreme
11%
Glittershroom Insomnia II Medium
11%
Nacho21 Invisible Light Medium
11%
ZenthicAlpha Mechanic Downforce Easy
11%
JonathanGD Monolithos Easy
11%
BlueRimz neXus Easy
11%
Hinds Psychosis Hard
11%
FunnyGame Requiem Easy
11%
WOOGI1411 Retention Extreme
11%
SUOMI Space Circles Easy
11%
EVW Subterranean Animism Insane
11%
Knobbelboy The Furious Hard
11%
softable The Realistic Medium
11%
Darwin TOE IV Medium
11%
Waze WeoTheory Medium
11%
Winterr ZXCircleS Easy
11%
Serponge Acid Rush II Medium
7%
MasK643 Apocalypse Eve Easy
7%
GameForGame Bass Knight Easy
7%
TheRealDarnoc Bionic Button Easy
7%
MrSpaghetti Bloudeleuste Easy
7%
Splinter25 Born Survivor Easy
7%
Experience D Cataclysm 1 Easy
7%
MrCheeseTigrr Chaotic Easy
7%
Zobros ClubStep Nightmares Insane
7%
WhitePartyhat clubstep part 2 Medium
7%
TheRealDarnoc Crunchy Apple Easy
7%
Knots Crystal Corridor Easy
7%
alkali Darkest Drop Easy
7%
LaZye Dark Hell Easy
7%
LazerBlitz Deadlocked X Hard
7%
Rustam Deception Dive Extreme
7%
BlueLite Deep Travel Medium
7%
elemelon demon step Easy
7%
IvashkaUa doradura Extreme
7%
soRakami Dragon Force Medium
7%
iIsane Error Easy
7%
iMinAY Fallen Angel Hard
7%
ZenthicAlpha Fury Funk Hard
7%
ZenthicAlpha FuryStep Hard
7%
Danzmen God Yeeter Easy
7%
Serponge Insanity Medium
7%
rafer in SIlico Easy
7%
Serponge Liberation Medium
7%
Splenetic LightWave Insane
7%
ExtoPlasm Mr CrazyHands Easy
7%
TrueNature Natural Step Medium
7%
Galzo Nemesis Medium
7%
Florent Nemesis Easy
7%
noobas noobaman adventures Easy
7%
Viot PXTTXRN SXXKXR Easy
7%
Glittershroom Pyromaniac Insane
7%
ImMaxX1 Radiant Rift Easy
7%
Bryan1150 Rebellion Insane
7%
Whirl Sinless Ash Easy
7%
TheRealSalad Speed of Light II Medium
7%
disp Star Chaser Easy
7%
Ferdefunky STARPUNK Easy
7%
sweetdude Syobon Action Medium
7%
Picha System Split Medium
7%
nasgubb Takeoff Easy
7%
TamaN Terminal Velocity Hard
7%
NukeNacho The Dragons Lair Medium
7%
nasgubb The Dragons Lair Medium
7%
NukeNacho The Final Lair Medium
7%
Andromeda GMD The Robotic Ruh Easy
7%
Experience D Triple Flask Easy
7%
ViPriN 48155 Medium
4%
Serponge AlterGame XVII Hard
4%
FunnyGame Atlas Easy
4%
SH3RRIFO B L A Z E Medium
4%
Ellisha Boxing Boxes Medium
4%
NoFlix Broken Roulette Easy
4%
Defectum Cant Let Troll Hard
4%
CDlAwesomeMe Cosmic Dreamer Easy
4%
Flukester Dead Lands Medium
4%
Bronks Deadlocked 2017 Medium
4%
Xaro Deadly Impact Easy
4%
DYSCO DeaDrop Easy
4%
- Demon Forest Easy
4%
Serponge Dem Travel Medium
4%
Danzmen Despacito OMG OwO Easy
4%
MaFFaKa DOLBIT NORMALNO Easy
4%
ViPriN Duality Easy
4%
- Electro Rand Easy
4%
TamaN Endorphin Rush Easy
4%
OverZero Ethereal Circles Medium
4%
Dudex Fire Level Easy
4%
TheFakeLogik Foxtrox Hard
4%
ZenthicAlpha FuryDynamix Insane
4%
ZenthicAlpha FuryLocked Insane
4%
Skitten Fusion Flare Easy
4%
Danzmen GluttonY Easy
4%
Grenate grenate Easy
4%
MaJackO GW Russia Easy
4%
KeiAs Horntail Cave Insane
4%
- Ice Cave Easy
4%
Etzer Insert Coin Medium
4%
Seabers I Said Baaah Hard
4%
FrostDragonGD Krakens Curse Medium
4%
Fury0313 Lanthanum Easy
4%
TDChris02 Lost Legends Medium
4%
iIFrostIi Lust Easy
4%
Experience D Moon Adventure 4 Easy
4%
Oasis Neon Thrills Easy
4%
Rustam Nine Circles XII Medium
4%
Mulpan PartiDoraFunnyMul Easy
4%
SuperOpi Popcorn Hard
4%
iIAkariIi pulsar Insane
4%
ZenthicAlpha Rabb2t Hard
4%
JerkRat Radium Medium
4%
GeoSlam1 Relentless Easy
4%
ZenthicAlpha Restricted Area Easy
4%
Danzmen Running in the 90s Easy
4%
TroxxP1 Ruta del Sol Easy
4%
Bronks SanSan Easy
4%
DzRAS Secret Box Medium
4%
Booglee Secret Way Easy
4%
- seeker of demon Easy
4%
SerpTop Ship Easy
4%
Serponge Space Magic Medium
4%
MaxK The Badland Insane
4%
Renn241 The Long Walk Home Easy
4%
Peton The Seven Seas Easy
4%
Nico99 Thumper Easy
4%
Danzmen TiBuTi Easy
4%
SuperOpi Toxic Sewers Medium
4%
jct Trance Impact Easy
4%
ViPriN Ultraviolet Insane
4%
SomeRandomCow Unite Easy
4%
Rustam Universal Remote Easy
4%
ZenthicAlpha Uprise Easy
4%
Optical Verve Easy
4%
ViPriN VIper Hard
4%
nasgubb Voyager Easy
4%
zeojoant vvvvvv Easy
4%
Yendis Wack Easy
4%
lumpy wowzers holy Easy
4%
OzzeL2 850 Easy
0%
ItzKiba A Final Memorial Easy
0%
AleXins Afterparty Easy
0%
FillipsMen Agility Medium
0%
Danzmen AmazoN Easy
0%
alkali anasthasia Easy
0%
Jbeast15 AnGelS Easy
0%
TamaN Badland Hard
0%
Codex Blender Easy
0%
DHaner BLOZ Easy
0%
Voxicat Broken Gameboy Easy
0%
JHYMHYMHY BuriaL TombS Easy
0%
Ferdefunky Chord Cutter Easy
0%
ZenthicAlpha ClubstepDynamix Easy
0%
Serponge Cold Temple Medium
0%
Nikce Colorado Easy
0%
AirForce Contra Easy
0%
0xNano Cosmic Rush Easy
0%
Zthos Cyber Space Easy
0%
Atlex Cybersphere Easy
0%
alkali Darker Drop Easy
0%
ZenthicAlpha Death Theory Medium
0%
Darwin Degenerate Easy
0%
MaxK Descent Easy
0%
Bizaare Draft Theory Easy
0%
Danolex Electro House Easy
0%
noobas ElectroMan II Hard
0%
AutoNick Elzeko Easy
0%
Dams778 Euphoria Hard
0%
Flukester FinalCode Easy
0%
Rabbitical Final Stage Medium
0%
Split72 Flower Crown Easy
0%
Split72 FOUR WHEEL DRIVE Easy
0%
IIAnubisI FUGACIOUS II Easy
0%
Voxicat Funked Up Easy
0%
Polarbeahr Galactic Codex Easy
0%
Experience D Glacial sanctuary Easy
0%
TheRealDarnoc Hexagon Road Medium
0%
BlastiXGD Horizon Zero Easy
0%
Ggb0y Hyper Fantasy Easy
0%
16lord Impossible Demon Easy
0%
Cirtrax Impulse Drop Easy
0%
- Insane Club Easy
0%
SaabS Inside Easy
0%
ViPrin Intercept Medium
0%
playeruan IV Easy
0%
Woom Koneigstein Easy
0%
Alex1304 Kotoruption Medium
0%
SpKale kr1tmas Easy
0%
weoweoteo Lake of Fire Hard
0%
Lemons Lemonade Easy
0%
f3lixsram Lucidum Easy
0%
Shutter Magnitude Easy
0%
optation Mass Production Easy
0%
NukeNacho MeatGrinder Easy
0%
MaJackO MetalCore Medium
0%
GD Jose Metal Crusher Easy
0%
nasgubb Milk Party Hype Medium
0%
Nikce Mil Noches Easy
0%
SilverSoul Monster City Easy
0%
- Nether Step Easy
0%
Tyrannyy OVERTHINKER Easy
0%
distortt Pareidolia Easy
0%
Ghotstav Petal Path Easy
0%
danerdogger Phase 2 Easy
0%
LillyVX PLAY WITH FIRE Easy
0%
ApstroM Plunder Medium
0%
Lemons Point Blank Easy
0%
divikair POINTBREAK Easy
0%
Kazey quazillion Easy
0%
OSIRIS GD Saguaro Easy
0%
fJud SCENIC ROUTE Easy
0%
Pauze Scrap Easy
0%
The Goola SCUFFED Medium
0%
Horneet Shattering Light Easy
0%
motleyorc ShiFt Easy
0%
Jezzel Shocked Easy
0%
Danolex Shuriken Medium
0%
Nicki1202 Silhouette Summit Easy
0%
alkali SkullduGGerY Easy
0%
ViPriN Soulwind Hard
0%
BuiltInMacro Speedway Easy
0%
LillyVX STARZERO Easy
0%
neigefu stigma Easy
0%
Dudex Success Medium
0%
Elvii SUPERCHARGE Easy
0%
GirlyAle02 TechnoLaser Easy
0%
Manix648 Tectonic Blitz Medium
0%
ItzKiba The Conduit Easy
0%
cometface THE HILLS HAVE EYES Easy
0%
Vilms The Router Easy
0%
Azuvy Toxicity Easy
0%
bpdoles Triptych Easy
0%
rafer Turbine Medium
0%
ViPriN Tuxedo Medium
0%
Danzmen WorsT LvL EveR MadE Easy
0%
Experience D Wrandering Easy
0%
DHaner Zircon Easy
0%
No matching quizzes found
Score Distribution
Percent of People with Each Score
Percentile by Number Answered
Your Score History
You have not taken this quiz